[Event "First Saturday 2010 junius FM-B"]
[Site "Budapest"]
[Date "2010.06.14"]
[Round "10"]
[White "Grimm, Gyorgy"]
[Black "Karpati, Bank"]
[Result "1-0"]
[WhiteElo "1689"]
[BlackElo "1674"]
[PlyCount "77"]
[EventDate "2010.06.05"]

1. e4 c5 2. Nf3 Nc6 3. d4 cxd4 4. Nxd4 Nf6 5. Nc3 e5 6. Ndb5 a6 7. Na3 Bxa3 8.
bxa3 O-O 9. Bd3 Qc7 10. Bb2 d6 11. O-O Be6 12. Qd2 Rac8 13. h3 Rfd8 14. Rfd1 d5
15. exd5 Nxd5 16. Nxd5 Rxd5 17. Qe3 Rcd8 18. Re1 f6 19. Bc4 R5d6 20. Bb3 Bxb3
21. axb3 Nd4 22. Bxd4 Rxd4 23. Re2 Qa5 24. a4 b5 25. Qc1 bxa4 26. c3 Rd3 27. b4
Qb5 28. Rea2 R3d6 29. Qa3 Rd1+ 30. Kh2 Qf1 31. Rxd1 Rxd1 32. Qxa4 Qh1+ 33. Kg3
Rd3+ 34. f3 Qe1+ 35. Kh2 h5 36. Qe8+ Kh7 37. Qxh5+ Kg8 38. Rxa6 Rd8 39. Ra7 1-0

[Event "First Saturday 2010 junius FM-B"]
[Site "Budapest"]
[Date "2010.06.14"]
[Round "10"]
[White "Hetesi, Zoltan"]
[Black "Kelemen, Lajos dr"]
[Result "1-0"]
[WhiteElo "1546"]
[BlackElo "1437"]
[PlyCount "30"]
[EventDate "2010.06.05"]

1. e4 c5 2. Nf3 e6 3. d4 cxd4 4. Nxd4 Nc6 5. Nc3 a6 6. Be2 Bc5 7. Be3 Nge7 8.
Nxc6 Qc7 9. Bxc5 Qxc6 10. Bxe7 Kxe7 11. O-O Rd8 12. Qd2 Kf8 13. Rad1 b5 14.
Qd6+ Qxd6 15. Rxd6 e5 1-0

[Event "First Saturday 2010 junius FM-B"]
[Site "Budapest"]
[Date "2010.06.15"]
[Round "11"]
[White "Toth, Antal"]
[Black "Mihajlova, Diana"]
[Result "1-0"]
[WhiteElo "1657"]
[BlackElo "1467"]
[PlyCount "73"]
[EventDate "2010.06.05"]

1. e4 Nf6 2. e5 Nd5 3. d4 d6 4. c4 Nb6 5. exd6 cxd6 6. Nc3 d5 7. c5 Nc4 8. Bxc4
dxc4 9. Qa4+ Bd7 10. Qxc4 Nc6 11. Be3 g6 12. Nge2 Bg7 13. O-O O-O 14. a3 Na5
15. Qa2 Bf5 16. b4 Nc6 17. Rad1 b6 18. Ng3 Bg4 19. f3 Bc8 20. Nce2 e6 21. Qd2
Ba6 22. Rfe1 Bf6 23. Ne4 Bh4 24. g3 Bxe2 25. Qxe2 f5 26. Nd6 Be7 27. Bh6 Bxd6
28. Qxe6+ Rf7 29. cxd6 Qc8 30. d5 Qxe6 31. dxe6 Rb7 32. b5 Ne7 33. dxe7 Rxe7
34. Bg5 Rb7 35. Rd7 Rbb8 36. Red1 Re8 37. e7 1-0